[Event "SVK-chT2C 1617"]
[Site "Slovakia"]
[Date "2017.02.11"]
[Round "8.7"]
[White "Topolovsky, Vincent"]
[Black "Kapusta, Miloslav"]
[Result "1-0"]
[WhiteElo "1932"]
[BlackElo "1883"]
[PlyCount "39"]
[EventDate "2016.10.08"]
[EventType "team-tourn"]
[EventRounds "11"]
[EventCountry "SVK"]
[SourceTitle "EXT 2018"]
[Source "ChessBase"]
[SourceDate "2017.10.13"]
[SourceVersion "1"]
[SourceVersionDate "2017.10.13"]
[SourceQuality "1"]
[WhiteTeam "Banska Bystrica Kurta"]
[BlackTeam "Martin Medea"]
[WhiteTeamCountry "SVK"]
[BlackTeamCountry "SVK"]

1. Nf3 d5 2. g3 Nc6 3. d4 Bf5 4. Bg2 e6 5. 0-0 Bd6 6. c4 Bxb1 7. Rxb1 Nf6 8. cxd5 Nxd5 9. e4 Nb6 10. d5 exd5 11. exd5 Ne7 12. Re1 0-0 13. Ng5 Re8 14. Qh5 Ng6 15. Qxh7+ Kf8 16. Bd2 Rxe1+ 17. Rxe1 Be7 18. Bc3 Bf6 19. Bb4+ Be7 20. Rxe7 1-0